| 000 | 00773nam a22002297a 4500 | ||
|---|---|---|---|
| 005 | 20170904172902.0 | ||
| 008 | 170904b2016 ck ||||| |||| 00| 0 spa d | ||
| 040 |
_aCO-BoIAVH _cCO-BoIAVH |
||
| 041 | _aspa | ||
| 044 | _ack | ||
| 090 |
_aFH _b0066 |
||
| 100 | _aLeón, Olga Adriana | ||
| 245 | _aComplejo de Páramos Los Nevados | ||
| 260 |
_aBogotá: _bInstituto de Investigación de Recursos Biológicos Alexander von Humboldt, _c2016. |
||
| 300 |
_a1 plegable _bilustraciones |
||
| 650 | 1 | 4 | _aBiodiversidad endemismos |
| 650 | 1 | 4 |
_aPrecipitación _vRecurso hídrico |
| 650 | 1 | 4 |
_aFauna _vEstado de conservación |
| 650 | 1 | 4 |
_aDistrito Páramos _vViejo Caldas _zTolima |
| 700 | _aSarmiento, Carlos | ||
| 942 |
_2z _cFolleto |
||
| 999 |
_c19808 _d19808 |
||